Vista normal
Vista MARC
Entrada Personal Name
Número de registros utilizados en: 1
001 - CONTROL NUMBER
- control field: 17790
003 - CONTROL NUMBER IDENTIFIER
- control field: DLC
005 - DATE AND TIME OF LATEST TRANSACTION
- control field: 20260122152959.0
008 - FIXED-LENGTH DATA ELEMENTS
- fixed length control field: 851205n| azannaabn |a aaa
010 ## - LIBRARY OF CONGRESS CONTROL NUMBER
- LC control number: n 85334710
035 ## - SYSTEM CONTROL NUMBER
- System control number: (OCoLC)oca01455368
040 ## - CATALOGING SOURCE
- Original cataloging agency: DNLM
- Language of cataloging: spa
- Description conventions: rda
- Transcribing agency: Mx-PuUPA
- Modifying agency: DLC
- Modifying agency: DNLM
- Modifying agency: MdU
- Modifying agency: DLC
- Modifying agency: DNLM
- Modifying agency: Mx-PuUPA
046 ## - SPECIAL CODED DATES
- Birth date: 19430716
100 1# - HEADING--PERSONAL NAME
- Personal name: Churchland, Patricia Smith,
372 ## - FIELD OF ACTIVITY
- Field of activity: Filosofía
373 ## - ASSOCIATED GROUP
- Associated group: Universidad de California, San Diego
- Associated group: Salk institute for Biological Research
374 ## - OCCUPATION
- Occupation: Autora
- Occupation: Profesora
375 ## - GENDER
- Gender: mujer
377 ## - ASSOCIATED LANGUAGE
- Language code: eng
- Language code: spa
400 1# - SEE FROM TRACING--PERSONAL NAME
- Personal name: Churchland, P.
- Fuller form of name: (Patricia)
670 ## - SOURCE DATA FOUND
- Source citation: Her Neurophilosophy, c1986:
- Information found: CIP t.p. (Patricia Smith Churchland)
670 ## - SOURCE DATA FOUND
- Source citation: Neurophilosophy and Alzheimer's disease, c1992:
- Information found: CIP t.p. (P. Churchland) t.p. verso (Patricia S. Churchland; Dept. of Philosophy, Univ. of Calif., USA)
670 ## - SOURCE DATA FOUND
- Source citation: Computer and the brain, 2000:
- Information found: CIP t.p. (Patricia S. Churchland) data sheet (b. July 16, 1943)